Tố Hữu toàn tập (2 tập)

Spremljeno u:
Bibliografski detalji
Glavni autor: Tố Hữu
Format: Knjiga
Jezik:Undetermined
Izdano: Hà Nội Văn học 2009
Teme:
Oznake: Dodaj oznaku
Bez oznaka, Budi prvi tko označuje ovaj zapis!
Thư viện lưu trữ: Trung tâm Học liệu Trường Đại học Cần Thơ
LEADER 00678nam a2200193Ia 4500
001 CTU_169723
008 210402s9999 xx 000 0 und d
082 |a 895.922134 
082 |b T450/T.2 
100 |a Tố Hữu 
245 0 |a Tố Hữu toàn tập (2 tập) 
245 0 |c Tố Hữu ; Hà Minh Đức (Sưu tầm, biên soạn và giới thiệu) 
260 |a Hà Nội 
260 |b Văn học 
260 |c 2009 
650 |a Tố Hữu,Vietnamese literature,Tố Hữu,Thơ Việt Nam thế kỷ 20 
650 |y 1920-2002,20th century 
910 |a Nguyên 
980 |a Trung tâm Học liệu Trường Đại học Cần Thơ